000 00344nam a2200145Ia 4500
005 20251222154427.0
008 251222s9999||||xx |||||||||||||| ||spa||
020 _a8429308784
082 _a248.482/P82
100 _a Powell, John
245 0 _aPlenamente Humano, Plenamente Vivo
250 _a3ra.ed.
264 _bSal Terrae
942 _cLIB
999 _c36248
_d36248